MARC

LEADER 00000nam0a2200000 4500
001 96289
005 20231031110453.0
035 |a (RuTPU)RU\TPU\book\103086 
090 |a 96289 
100 |a 20060512d1974 km y0rusy50 ca 
101 0 |a rus 
102 |a RU 
105 |a a g 001zy 
200 1 |a Справочник по углеграфитовым материалам  |f М. И. Рогайлин, Е. Ф. Чалых  
210 |a Ленинград  |c Химия  |d 1974 
215 |a 206 с.  |c ил. 
320 |a Библиогр.: с. 205-206. 
610 1 |a справочники 
610 1 |a углеграфитовые материалы 
610 1 |a графит 
610 1 |a свойства 
610 1 |a электродные материалы 
610 1 |a химическая аппаратура 
675 |a 66.023(035)  |v 3 
700 1 |a Рогайлин  |b М. И.  |g Михаил Иванович 
701 1 |a Чалых  |b Е. Ф.  |g Евгений Федорович 
801 1 |a RU  |b 63413507  |c 20060512  |g PSBO 
801 2 |a RU  |b 63413507  |c 20090213  |g PSBO 
942 |c BK